000 00862cam a2200277 a 4500
001 14109239
003 OSt
005 20180116183027.0
008 050915s2006 meub 000 1 eng
010 _a 2005027048
020 _a1594144389 (hardcover : alk. paper)
040 _aDLC
_cDLC
_dDLC
043 _an-usn--
050 0 0 _aPS3611.E677
_bB58 2006
082 0 0 _a813.54 WAG 1975
_222
100 1 _aKarl Edward Wagner
245 1 0 _aBloodstone
_cKarl Edward Wagner
260 _aWaterville, Me. :
_bFive Star,
_c1975
300 _a308 p. :
_bPB
_c22 cm.
440 _aBloodstone
651 0 _aNew England
_vFiction.
655 7 _aHorror fiction.
_2gsafd
906 _a7
_bcbc
_corignew
_d1
_eecip
_f20
_gy-gencatlg
942 _2ddc
_cBK
999 _c350848
_d350848